Geocomputation with Python / (Record no. 52601)

MARC details
000 -LEADER
fixed length control field 00630nam a2200229Ia 4500
005 - DATE AND TIME OF LATEST TRANSACTION
control field 20260429112140.0
008 - FIXED-LENGTH DATA ELEMENTS--GENERAL INFORMATION
fixed length control field 260429s9999||||xx |||||||||||||| ||und||
020 ## - INTERNATIONAL STANDARD BOOK NUMBER
International Standard Book Number 9781032460659
041 ## - LANGUAGE CODE
Language English
082 ## - DEWEY DECIMAL CLASSIFICATION NUMBER
Classification number 910.2855
Item number DOR
100 ## - MAIN ENTRY--PERSONAL NAME
Personal name Dorman, Michael
245 #0 - TITLE STATEMENT
Title Geocomputation with Python /
Statement of responsibility, etc Michael Dorman
250 ## - EDITION STATEMENT
Edition statement 1st ed.
260 ## - PUBLICATION, DISTRIBUTION, ETC. (IMPRINT)
Place of publication, distribution, etc Boca Raton :
Name of publisher, distributor, etc CRC Press,
Date of publication, distribution, etc 2025.
300 ## - PHYSICAL DESCRIPTION
Extent xvii, 290 p.; pbk
440 ## - SERIES STATEMENT/ADDED ENTRY--TITLE
Title Chapman & Hall/CRC the Python series
650 ## - SUBJECT ADDED ENTRY--TOPICAL TERM
Topical term or geographic name as entry element Python, Geocomputation
700 ## - ADDED ENTRY--PERSONAL NAME
Personal name :Lovelace, Robin
700 ## - ADDED ENTRY--PERSONAL NAME
Personal name Graser, Anita
700 ## - ADDED ENTRY--PERSONAL NAME
Personal name Nowosad, Jakub
942 ## - ADDED ENTRY ELEMENTS (KOHA)
Koha item type Text Books
Holdings
Withdrawn status Lost status Damaged status Not for loan Collection code Home library Location Shelving location Date of Cataloging Source of acquisition Total Checkouts Full call number Barcode Date last seen Price effective from Koha item type
        Non-fiction CUTN Central Library CUTN Central Library History & Geography 29/04/2026 TBH Library Book Suppliers, Chennai - Invoice No. SINV00733 on 09-02-2026   910.2855 DOR 57704 29/04/2026 29/04/2026 Text Books